A passport for all your data sets (Record no. 68867)

MARC details
000 -LEADER
fixed length control field 01140cam a2200265 4500
001 - CONTROL NUMBER
control field ABS64803
008 - FIXED-LENGTH DATA ELEMENTS--GENERAL INFORMATION
fixed length control field 011120n2001 000 0 eng u
035 ## - SYSTEM CONTROL NUMBER
System control number (Sirsi) u115641
100 ## - MAIN ENTRY--PERSONAL NAME
Personal name Waller, A.
245 #2 - TITLE STATEMENT
Title A passport for all your data sets
260 ## - PUBLICATION, DISTRIBUTION, ETC.
Date of publication, distribution, etc. 2001
490 ## - SERIES STATEMENT
Series statement Estates Gazette
Volume/sequential designation (0143) 27 October 2001, 169(1)
520 ## - SUMMARY, ETC.
Summary, etc. Looks at the progress of the easy transfer of data among different software packages and companies. Highlights some of the initiatives being developed such as the 'Property Information Systems Common Exchange Standard' (PISCES) which is the main force in the UK. Concludes that whilst there is no data standards worldwide yet, the depth of thinking and the resources being ploughed into the current initiatives is a positive sign for the property industry.
590 ## - LOCAL NOTE (RLIN)
Local note ABS
650 ## - SUBJECT ADDED ENTRY--TOPICAL TERM
Topical term or geographic name entry element DATA TRANSFER
650 ## - SUBJECT ADDED ENTRY--TOPICAL TERM
Topical term or geographic name entry element SOFTWARE PACKAGES
650 ## - SUBJECT ADDED ENTRY--TOPICAL TERM
Topical term or geographic name entry element BENCHMARKING
650 ## - SUBJECT ADDED ENTRY--TOPICAL TERM
Topical term or geographic name entry element PROPERTY DATA
650 ## - SUBJECT ADDED ENTRY--TOPICAL TERM
Topical term or geographic name entry element INITIATIVES
650 ## - SUBJECT ADDED ENTRY--TOPICAL TERM
Topical term or geographic name entry element ESTATE MANAGEMENT
650 ## - SUBJECT ADDED ENTRY--TOPICAL TERM
Topical term or geographic name entry element STANDARDS
650 ## - SUBJECT ADDED ENTRY--TOPICAL TERM
Topical term or geographic name entry element INTERNET
690 ## - LOCAL SUBJECT ADDED ENTRY--TOPICAL TERM (OCLC, RLIN)
Topical term or geographic name as entry element MANAGEMENT-BUSINESS MANAGEMENT-INFORMATION MANAGEMENT
942 ## - ADDED ENTRY ELEMENTS (KOHA)
Suppress in OPAC 0
Holdings
Withdrawn status Lost status Source of classification or shelving scheme Damaged status Not for loan Home library Current library Shelving location Date acquired Total Checkouts Full call number Barcode Date last seen Copy number Price effective from Koha item type
    Dewey Decimal Classification     London London Journal article 20/11/2001   ABS64803 115641-1001 06/08/2019 1 06/08/2019 Journal article